00835cam a22002173a 450000100060000000300060000600500170001200800410002904000150007004200070008505000090009210000370010124502560013826000290039450600300042351600200045365300430047365300300051683000290054685600420057520839PGUSA20140828083438.0070317s2007||||xxu|||||s|||||000 | eng d aPGUSAbeng adc 4aE0111 aMatthews, Washington,d1843-190514aThe Mountain Chant, A Navajo Ceremony :bFifth Annual Report of the Bureau of Ethnology to the Secretary of the Smithsonian Institution, 1883-84, Government Printing Office, Washington, 1887, pages 379-468h[electronic resource] /cWashington Matthews bProject Gutenberg,c2007 aPublic domain in the USA. aElectronic text aNavajo Indians -- Rites and ceremonies aMountainway (Navajo rite) 0aProject Gutenbergv2083940uhttp://www.gutenberg.org/ebooks/20839